[Event "Internet Section 06B g/8'+2\""]
[Site "Dos Hermanas"]
[Date "2004.03.06"]
[Round "1"]
[White "Leyva, Hector"]
[Black "Page, Edmund C"]
[Result "1-0"]
[WhiteElo "2384"]
[BlackElo "1893"]
[PlyCount "69"]
[EventDate "2004.03.06"]
[EventType "swiss (blitz)"]
[EventRounds "9"]
[EventCountry "ESP"]
[SourceTitle "CBM 099 Extra"]
[Source "ChessBase"]
[SourceDate "2004.05.04"]
[SourceVersion "1"]
[SourceVersionDate "2004.05.04"]
[SourceQuality "1"]

1. e4 e5 2. Nf3 Nc6 3. Bb5 a6 4. Ba4 Nf6 5. 0-0 Be7 6. Re1 b5 7. Bb3 d6 8. c3 0-0 9. h3 h6 10. d4 Bb7 11. Nbd2 Re8 12. a4 Bf8 13. d5 Nb8 14. axb5 axb5 15. Rxa8 Bxa8 16. Qe2 c6 17. dxc6 Bxc6 18. Nh2 Nbd7 19. Ng4 g6 20. Qf3 Qe7 21. Nf1 Bg7 22. Nxh6+ Bxh6 23. Bxh6 Nc5 24. Bc2 Kh7 25. Bg5 Kg7 26. Ng3 Qe6 27. b4 Ncd7 28. h4 d5 29. exd5 Bxd5 30. Ne4 Nxe4 31. Bxe4 Bxe4 32. Qxe4 f5 33. Qb7 Rb8 34. Qc7 Re8 35. Rd1 1-0